[Event "WA Winter Classic"]
[Site "Chess.com"]
[Date "2020.12.26"]
[Round "1"]
[White "Bell, Harry"]
[Black "Lenderman, Aleksandr"]
[Result "0-1"]
[WhiteElo "2000"]
[BlackElo "2704"]
[Annotator "Aleksandr Lenderman"]
[PlyCount "72"]
[EventDate "2020.??.??"]
[TimeControl "2700+5"]

{[%evp 0,72,19,29,68,51,38,37,58,76,78,63,63,67,24,44,67,27,59,51,50,46,34,-1,
-14,-14,-10,-10,-29,-29,-29,-33,-34,-76,-79,-79,-84,-168,-26,-93,-70,-161,-169,
-154,-172,-232,-177,-195,-204,-251,-261,-327,-319,-331,-332,-347,-346,-336,
-340,-347,-312,-327,-335,-359,-335,-335,-330,-327,-328,-337,-337,-337,-374,
-374,-396]} 1. Nf3 {In round 1 I am playing an experienced player, Heath Bell,
rated 2000. I've played him before twice where I did not have easy games.
Therefore, I decided to spice it up this time, playing a more dynamic Dutch
defense.} f5 2. c4 Nf6 3. Nc3 g6 (3... e6 {This move is also logical,
transposing into the Stonewall Dutch, where the knight on c3 isn't always well
placed.} 4. g3 d5 5. d4 c6) 4. d4 Bg7 5. g3 {One of the main lines against the
Leningrad Dutch.} O-O 6. Bg2 d6 7. O-O c6 {The new main line.} (7... Qe8 {
Is the old main line.}) (7... Nc6 {This is also an interesting move which
Hikaru Nakamura used to beat Jeffrey Xiong to become the US Champion in 2019.})
8. d5 e5 9. dxe6 Bxe6 10. Bf4 $6 (10. b3 {This is the main line here. The
point is that white should not be afraid of Ne4 because of...} Ne4 11. Nxe4
Bxa1 (11... fxe4 12. Nd4 $14) 12. Nxd6 {And white has huge compensation for
the exchange as black's pieces are loose and discoordinated.}) 10... Bxc4 11.
Qxd6 Qxd6 12. Bxd6 Re8 {Here I have a comfortable position.} 13. Rfe1 $6 (13.
Ne5 {This is the move I expected, after which the position is still around
equal.}) 13... Ne4 {Now I am seizing the initiative.} 14. Nxe4 fxe4 15. Ng5 (
15. Nd2 Bd5 16. Red1 $15 {Was perhaps lesser of the evil.}) 15... Bd5 16. Rac1
$2 {I wasn't sure what was the purpose of this move. Besides, it just loses a
pawn. White should probably try to create immediate counterplay with f3.} (16.
f3 exf3 17. exf3 {Creating counterplay along the e-file}) 16... h6 17. Nh3 Bxa2
18. b4 a6 $2 {A knee-jerk reaction since I already relaxed a bit too early up
a pawn with a better game. I wanted to stop b5 and keep lines closed. However,
now white can surprisingly make my life hard with...} (18... Na6 {Completing
development and attacking the b4 pawn was the best course of action here.} 19.
b5 cxb5) 19. Red1 $6 {Missing the best practical chance.} (19. Nf4 $1 Bf7 20.
Bh3 $1 {And now, it is hard for me to actually complete my development. Black
should still be winning but it's not nearly as winning as it could've been.})
19... Nd7 20. Bc7 Nf6 21. f3 Nd5 22. Bd6 exf3 23. Bxf3 Bb2 {And this wins the
exchange.} 24. Rc2 Bb3 25. Rxd5 Bxc2 26. Rd2 Rad8 {The tactics work out for me.
} 27. Rxc2 Bd4+ 28. Kg2 Rxd6 {The rest is a matter of technique as they say :)}
29. Nf4 Re3 30. Nd3 Kg7 31. Nf4 Rb3 32. Rc4 Kf7 33. Be4 Rc3 {I saw he can play
Bxg6+ but I wasn't worried about it since I saw that I force a rook trade, win
the b-pawn and will just promote the pawns on the queenside.} 34. Bxg6+ Ke7 35.
Bd3 b5 36. Rxc3 Bxc3 {AlexanderL won by resignation. A good start for me.} 0-1

[Event "WA Winter Classic"]
[Site "Chess.com"]
[Date "2020.12.26"]
[Round "2"]
[White "Lenderman, Aleksandr"]
[Black "Shubin, Daniel"]
[Result "1-0"]
[WhiteElo "2704"]
[BlackElo "2161"]
[Annotator "Aleksandr Lenderman"]
[PlyCount "105"]
[EventDate "2020.??.??"]
[TimeControl "2700+5"]

{[%evp 0,105,29,20,20,-11,0,4,6,-15,-11,7,0,-19,16,19,23,30,51,33,40,35,54,60,
63,38,159,158,167,160,160,160,177,162,193,204,198,207,200,188,200,186,215,208,
200,205,211,220,267,217,210,218,246,237,233,208,211,214,214,212,280,253,262,
256,259,260,259,259,289,286,311,311,324,350,378,378,404,428,460,498,1048,1065,
1065,1130,1133,1105,1496,1694,2108,2537,2598,29986,29987,29980,29981,29986,
29987,29988,29991,29992,29993,29994,29995,29996,29997,29998,29999,-30000] In
the 2nd round I am playing a promising young player, Daniel Shubin, who came
very close to drawing me in a July event. I was also beaten by his coach,
Georgi Orlov in a May event. Therefore, I took this game seriously and wasn't
going to be messing around :)} 1. d4 d5 2. c4 e6 3. Nc3 Nf6 4. cxd5 exd5 5. Bg5
c6 6. Qc2 Be7 7. e3 O-O 8. Bd3 Nbd7 9. Nf3 Re8 10. h3 Nf8 11. O-O {I saw he
was playing this line all the time on chess.com so I was able to prepare a bit
here.} Ng6 (11... g6 {This is probably slightly more common.}) 12. Ne5 {
I knew that this is probably a slight advantage for me, but this was the
extent of my preparation. However, here my opponent helped me out by
blundering a relatively simple tactic immediately.} Qc7 $4 {That was a bit
unexpected :)} 13. Bxf6 Bxf6 14. Nxd5 Qd6 15. Nxf6+ Qxf6 16. f4 {Now I'm up a
pawn (central pawn) with a much better position. It's hard for him to even
complete the development.} Nxe5 {He decided to sac the 2nd pawn.} 17. Bxh7+ Kh8
18. dxe5 Qe7 19. Bd3 Be6 20. Qe2 Qh4 21. Qf2 {I thought going into the endgame
is the simplest here.} Qxf2+ {It's also hard for him to resist the endgame.
For example,} (21... Qe7 22. f5 Bd5 23. f6 Qxe5 24. Qh4+ {Is a quick mating
attack.}) 22. Kxf2 Rad8 23. Rfd1 Rd7 24. Be2 Red8 25. b3 Kg8 26. Rxd7 Rxd7 27.
Rd1 {Two pawns up, of course I just force trades. Black is just lost.} Rxd1 28.
Bxd1 Kf8 29. e4 f5 30. exf5 Bxf5 31. b4 Be6 32. a3 b6 33. Ke3 c5 34. bxc5 bxc5
35. g4 Ke7 36. h4 a5 37. f5 Bd5 38. g5 Kf7 39. h5 Ke7 40. h6 gxh6 41. gxh6 Bg8
42. Bh5 Bh7 43. Bg6 Bxg6 44. fxg6 Kf8 45. e6 c4 46. Kd4 c3 47. Kxc3 a4 48. h7
Kg7 49. e7 Kxg6 50. h8=Q Kg5 51. e8=Q Kg4 52. Qe4+ Kg3 53. Qhh4# {AlexanderL
won by checkmate} 1-0

[Event "WA Winter Classic"]
[Site "Chess.com"]
[Date "2020.12.26"]
[Round "3"]
[White "Guha, Mitrabha"]
[Black "Lenderman, Aleksandr"]
[Result "0-1"]
[WhiteElo "2445"]
[BlackElo "2704"]
[Annotator "Aleksandr Lenderman"]
[PlyCount "136"]
[EventDate "2020.??.??"]
[TimeControl "2700+5"]

{[%evp 0,136,38,19,14,-10,33,28,43,43,35,35,40,46,48,46,54,54,53,41,41,77,77,
60,83,89,69,0,0,0,-13,-15,-16,-11,-11,-13,-15,-14,-21,-23,-18,-13,-7,-27,-22,
-18,-18,-22,20,26,30,23,37,0,-19,-29,-34,-29,-34,-29,-26,-38,-36,-53,-53,-42,
-46,-46,-51,-47,-47,-44,-43,-43,-57,-58,-60,-62,-63,-69,-57,-57,-42,-53,-53,
-79,-89,-85,-86,-133,-136,-133,-137,-142,-146,-149,-146,-153,-153,-157,-148,
-149,-146,-151,-149,-142,-142,-142,-134,-134,-113,-106,-92,-157,-165,-163,-163,
-171,-169,-179,-189,-182,-173,-197,-194,-222,-219,-240,-282,-292,-292,-1166,
-1243,-1412,-1438,-1528,-1226,-1279,-1299]} 1. d4 {In round I was playing a
young strong IM from India, Guha Mitrabhaa. It turned out he was in a peaceful
mood since he offered me a draw on move 3. However, I wanted to play a
fighting game with some content so I wanted to play the position out even
though it was equal. I was happy to create some chances in an equal position,
though I think it helped me that he was playing the game during his night time
:)} d5 2. c4 dxc4 {The solid queens gambit accepted. I was also in a
relatively peaceful mood and wasn't going to go crazy this early in the
tournament.} 3. Nf3 Nf6 4. e3 e6 5. Bxc4 c5 6. O-O a6 {The main line of the
QGA.} (6... Nc6 {This is also one of the important lines. I decided not to
play it, since I was worried that he would prepare for it, since I played it
twice recently in important games.}) 7. dxc5 Bxc5 8. Qxd8+ Kxd8 9. Rd1+ Ke7 10.
Be2 {Here my theoretical knowledge sort of ended, so I was improvising.} Nbd7
11. Nbd2 Rd8 12. Nb3 Bd6 13. Nbd4 $6 {My opponent was playing quickly but
seemed to lack depth to his play. I decided to spend my time since I knew that
I can catch him on a deep idea if I do so. Nd4 was the right idea but he
should've kept the knight on a good b3 square since it pressures my queenside
there.} (13. Nfd4 {Would give white chances for an advantage. This move has an
idea of at some point playing Bf3 or f3 and e4. Also, if Nc5, now Na5 can be
annoying. I still have to figure out how to complete my development in the
best way.} Nc5 14. Na5 $1 $14) 13... Nc5 {Now I just get e5 in, and only I can
be slightly better now.} 14. Bd2 e5 15. Nb3 Nxb3 {Here I sort of lucked into
the right move since I didn't see why my alternative candidate move Na4 was
bad and rejected Na4 for a wrong reason actually.} (15... Na4 $2 {I was
actually calculating this. Thankfully I did not go for it. I didn't play it
since I didn't see anything special after Bc1. However, in fact, white is much
better after Na5!} 16. Na5 $1 {Indrectly defending b2 and also heading towards
c4.} (16. Bc1 {This however allows b6 with a clear advantage for black.}) 16...
Nxb2 17. Rdb1 Na4 18. Nxb7 $16) 16. axb3 Be6 17. Ba5 Rdc8 18. Nd2 b5 {I think
only I can be better here because of a better pawn structure and central
control.} 19. Bf3 Rab8 20. Rac1 (20. g4 $1 {Apparently after this strong move
it is equal, but it is not an easy move for a human to find.}) 20... Bf5 21.
Rxc8 Rxc8 22. Bb7 Rb8 {Also possible was} (22... Rc2 23. Bxa6 Bd7 24. Bc3 b4
25. Bd3 bxc3 26. Bxc2 cxd2 27. Rxd2 e4 {With an interesting unbalanced endgame.
}) 23. Bc6 Bd7 $6 {Not the most ambitious move. Apparently I had better
options.} (23... g6 24. h3 Bd3 {Here it is hard for him to find moves.}) 24.
Bxd7 Kxd7 25. Nf3 {Honestly speaking, I missed this move.} Ke7 {Now this is
the only move to keep the balance.} 26. Rc1 $6 {Natural but not best.} (26. Bc3
Nd7 27. b4 {Here white can create counterplay against the weak a6 pawn via Ra1.
I am not better here.}) 26... Ne4 27. g3 (27. Nd2 {I think this was better.})
27... Kd7 28. Rd1 Ke6 29. Rc1 (29. Nd2) 29... f6 $2 {This is a serious mistake
where I missed a big chance.} (29... b4 $1 {Stops his main defensive idea, Nd2,
and almost traps the bishop. Now it is very dificult for him to find moves.
For example,} 30. Rc6 Kd5 31. Rxa6 Rc8 {I don't win the bishop but my pieces
are super active, especially my knight on e4. Now I play Rc1 and Rc2 and crush
the kingside while his pieces are off-side.}) 30. Rc6 $2 (30. Nd2 {Again, this
was a must. He was probably afraid of Nc5. However,} Nc5 31. b4 Nd3 (31... Nb7
32. Ne4) 32. Rc6 {nets him enough counterplay}) 30... Ra8 {The problem for him
is that the rook on c6 is actually misplaced.} 31. Rb6 Ra7 $6 {Again, I missed
a chance to play for domination.} (31... Kd5 $1 32. Rb7 Rc8 33. Rxg7 b4 34.
Rxh7 Rc1+ 35. Kg2 Rc2 $19 {Amazing position. Currently I'm down 2 pawns but
I'm completely winning since white's whole position just totally collapses.})
32. Rc6 Kd7 33. Rc2 Ra8 34. Kf1 Nc5 35. Nd2 Nb7 36. Bb6 Rc8 {this transposes
into an endgame which I thought was winning or at least with good winning
chances.} 37. Rxc8 Kxc8 38. Ke2 Kd7 39. e4 Kc6 $1 {This is a precise move. I
was thinking of playing Bc5 right away. However, then I thought he can defend
with} (39... Bc5 40. Bxc5 Nxc5 41. Kd1 $1 Nd3 (41... Ke6 42. Kc2) 42. Ke2 $1 {
Black is still better but he's definitely holding here. I don't think I can
risk taking the b2 pawn.} Nxb2 43. Nb1 Kc6 44. Kd2 Kc5 45. Nc3 {Maybe I don't
lose the knight but during the game this looks risky.}) 40. Be3 Bc5 $1 41. Kd3
Bxe3 42. fxe3 (42. Kxe3 Kc5 {Here I should also be winning with Kb4 followed
by Nc5.}) 42... Nc5+ (42... Kc5 43. Kc3 b4+ 44. Kc2 Kc6 45. Kd3 Kb5 46. Kc2 Nc5
47. Kd1 Nd3 48. Kc2 Nf2 49. Kc1 Ng4 50. Nf1 a5 {Was apparently also winning in
the long run.}) 43. Kc3 a5 44. b4 (44. Kc2 Kb7 (44... b4 45. Nc4 Nxe4 46. Nxa5+
Kd5 {Was winning for me.}) 45. Kc3 Kb6 46. Kc2) 44... Na4+ 45. Kc2 axb4 46. Nb3
h5 47. Kc1 g6 48. Kc2 Kb6 (48... Nc5 $4 {For a long time I was calculating
this pawn endgame. Thankfully I didn't go for it. I was just not sure it was
winning and I thought I had other ways to play for a win. Indeed, it turns out
it's a draw.} 49. Nxc5 Kxc5 50. Kb3 f5 51. Kc2 $1 {He simply can give up the
e4 pawn! Amazing! It's just a fortress.} (51. exf5 gxf5 52. Kc2 {Is also a
draw.})) 49. Kc1 Kc7 50. Kc2 Kd6 51. Nd2 (51. Kc1 Nb6 {Here I finally saw the
winning plan to play Nb6-c4.}) 51... Nc5 52. b3 Ke6 53. Kd1 f5 54. exf5+ Kxf5
55. Ke2 Ne4 $1 {Here I calculated correctly that the pawn endgame is winning.}
(55... Kg4 56. Kf2 Kh3 57. Kg1 e4 58. Kh1 {Wasn't as clear for me whether it
was winning.}) 56. Nf3 (56. Nxe4 Kxe4 57. h4 (57. h3 g5 58. g4 h4 $19) 57... g5
$1 {The only winning move which I saw.} (57... Kf5 $4 {Would only be a draw.}
58. Kf3 e4+ 59. Kf2 g5 60. hxg5 Kxg5 61. Kf1 h4 62. Kg2 $1 $11) 58. hxg5 (58.
g4 gxh4 59. gxh5 Kf5 60. Kf3 Kg5 61. h6 Kxh6 62. Kg4 Kg6 63. e4 h3 64. Kxh3 Kh5
65. Kg3 Kg5 66. Kf3 Kh4 $19) 58... Kf5 59. Kf3 Kxg5 60. e4 (60. Kf2 Kg4 61. Kg2
(61. e4 h4) 61... e4) 60... h4 $19) 56... g5 {Now I just win because of
zugswang. He either allows Kg4-h3, or he has to lose the b3 pawn.} 57. Kf1 (57.
Ke1 Kg4 58. Nxe5+ Kh3 59. Nf3 g4 60. Nd2 Nxd2 61. Kxd2 Kxh2 62. e4 h4 {Would
win routinely.}) 57... g4 58. Ne1 Nd2+ 59. Ke2 Nxb3 60. Nd3 Ke4 61. Nxb4 Nc5 {
From here it's relatively simple with a passed pawn and a more active king.
Now I just have to be careful not to fall for tricks.} 62. Na2 Kd5 63. Nb4+ Kc4
64. Nc6 Kc3 {The simplest.} 65. Nxe5 b4 66. Kd1 b3 67. Kc1 b2+ 68. Kb1 Ne4 {
AlexanderL won by resignation. There were a few mistakes as expected for such
a rich game. However, overall, I was quite happy with the game, especially
with the technique. Very instructive endgame.} 0-1

[Event "WA Winter Classic"]
[Site "Chess.com"]
[Date "2020.12.26"]
[Round "4"]
[White "Lenderman, Aleksandr"]
[Black "Talukdar, Rohan"]
[Result "1-0"]
[WhiteElo "2704"]
[BlackElo "2402"]
[Annotator "Aleksandr Lenderman"]
[PlyCount "57"]
[EventDate "2020.??.??"]
[TimeControl "2700+5"]

{[%evp 0,57,19,-32,-4,-14,-31,-20,-20,-18,-20,-25,-7,-6,-1,-23,-15,-24,10,-23,
0,-7,-19,-20,-35,-21,-7,1,14,-12,5,5,-1,6,6,-9,26,-32,38,13,3,-2,37,28,261,277,
268,255,254,260,510,525,525,521,577,584,1021,1065,1119,1155] In round 4 I am
playing a talented young player, Rohan Talukdar. I've already had many battles
with him in the WCF events. I know that he is quite knowledgable in openings,
so I decided to play my new blitz weapon, 1)b3, which I also sometimes use in
longer games if I am not sure what to play or if I want to get my opponent out
of heavy theory.} 1. b3 e5 2. Bb2 Nc6 3. e3 Nf6 4. Nf3 {My opponent started
thinking here, so he probably wasn't expecting this as much. However, I
believe Nf3 to be no less venemous than the main move, Bb5.} (4. Bb5 {This is
more common.}) 4... e4 5. Nd4 Nxd4 6. Bxd4 Be7 7. c4 {So far, we are following
my prep, but now my opponent played a new move to me.} b6 (7... O-O 8. Nc3 c5
9. Be5 d6 10. Bg3 Bf5 {would be more traditional. Position is equal, but it's
unbalanced.}) 8. Be2 {I stopped for about 5 minutes here trying to figure out
the best plan, and most likely I did not manage. I should've probably tried to
be more aggressive trying to win the e4 pawn.} (8. Nc3 Bb7 9. Qc2 c5 (9... O-O
10. Rd1 {The engine likes this setup.} c5 11. Be5 d6 12. Bxf6 Bxf6 13. Nxe4)
10. Be5 d6 11. Bg3 O-O 12. Rd1 Qd7 {And here for some reason, don't ask me why,
the engine really prefers a3, over a developing move, claiming a slight
advantage :)} 13. a3) 8... Bb7 9. O-O O-O 10. f3 $6 {I was really unsure about
this, and the engine definitely disapproves of this plan.} c5 11. Bb2 d5 $1 12.
cxd5 Qxd5 $5 {A very ambitious move, which I didn't expect. However, I don't
think this was necessary. Black is at the very least fine with the natural} (
12... exf3 13. Bxf3 Bxd5 {Here I wasn't actually sure what to do since} 14. Nc3
Bxf3 15. Qxf3 (15. Rxf3 Qd3) 15... Qxd2 {hangs the pawn on d2 while after Rxf3
he plays Qd3, and is probably better since I have no threats and he pressures
my weak d2 pawn.}) 13. Nc3 Qd7 14. Bb5 $5 {nothing special, but at least this
gives him something to think about.} Qd6 15. fxe4 Nxe4 (15... Rad8 $5 {Also
deserves attention.} 16. Qf3 a6 17. Be2 Qxd2 18. Rab1 c4 19. Rfd1 Qc2 20. Rdc1
Qd2 {with a funny repetition.}) (15... a6 {The inclusion of a6 here was
interesting.} 16. Be2 (16. Bc4 b5) 16... Nxe4) 16. Nxe4 Bxe4 17. Rf4 $6 {
The engine doesn't love this either. However, I thought this is the only way
to try to create chances.} (17. Qg4 Qg6 $11) (17. d3 Bg6 $11) 17... Bg6 $6 {
Now, at least I have some initiative and it might be easier for me to play.} (
17... f5 $1 {Looks risky since it makes my bishop open, but this is a mirage.
In fact, he wants to quickly play Rad8, then Bf6, and his pieces are just
better than mine, as well as his pawn structure.}) (17... Bd3 {Would also be
solid.} 18. Qg4 g6 (18... f6)) 18. h4 h6 19. Bc4 Rad8 (19... Kh8 {This was
more accurate.}) 20. Bc3 Bd3 $6 {Now, black is really drifting. Black could've
played this move several moves ago, when it would make more sense, without
losing a tempo.} 21. Qg4 Qg6 $4 {Now came a big blunder. I thought I was
already better after Qg4, but I couldn't quite see how I win after g6. In fact,
I am only slightly better after g6, which was at this point the absolutely
only move.} (21... g6) 22. Qxg6 Bxg6 23. Rg4 $1 {Now it is totally over. Black
cannot spot my two threats, Rxg6 and h5. However, black's position was bad
even after Raf1. Therefore black's play last few moves was definitely strange,
and can probably be due to tiredness after 3 tough games.} Kh8 24. h5 Bxh5 25.
Rxg7 {The cleanest of course.} (25. Bxg7+ Kh7 26. Bxf8 Bxf8 {Would still keep
the game going.}) 25... Rd4 26. Rg3 Bd6 27. Rh3 Bg4 28. Rxh6+ Kg7 29. Rxd6 {
AlexanderL won by resignation. A nice way to end a good day for me. However,
what's interesting is that chess.com gave me 99.3% accuracy for this game. In
fact, in this game, I've made at least a few serious inaccuracies, and black
could've been better several times in this game. So it was far from a flawless
game for me, and it just goes to show that this chess.com evaluation bar
shouldn't always be trusted.} 1-0